معجم مقاييس اللغة / (Record no. 66642)
[ view plain ]
| 000 -الفاتح | |
|---|---|
| حقل البيانات ثابتة الطول | 00886nam a22002297a 4500 |
| 005 - وقت وتاريخ اخر تعامل مع التسجيلة | |
| رقم الضبط | 20240530110930.0 |
| 008 - عناصر البيانات ثابتة الطول - معلومات عامة | |
| حقل البيانات ثابتة الطول | 220221s1991 ua c g b 000 0 ara d |
| 017 ## - رقم الايداع القانونى | |
| المصدر ( الهيئة المختصة) | مصر. دار الكتب |
| 040 ## - مصدر الفهرسة | |
| وكالة الفهرسة الأصلية | EG-CaGPL |
| وكالة النسخ | EG-CaGPL |
| 082 04 - رقم تصنيف ديوى العشرى | |
| رقم الطبعة | 21 |
| رقم التصنيف | 413.1/ |
| رقم المادة | ف م |
| 100 0# - المدخل الرئيسى - إسم شخصى | |
| الإسم الشخصى | ابى الحسين احمد بن فارس بن زكريا |
| 245 10 - بيان العنوان | |
| العنوان | معجم مقاييس اللغة / |
| بيان المسئوليه,etc | تاليف ابى الحسين احمد بن فارس بن زكريا ؛ محقق عبدالسلام محمد هارون |
| 260 ## - PUBLICATION, DISTRIBUTION, ETC. (IMPRINT) | |
| تاريخ النشر أو التوزيع | 1991 |
| 300 ## - الوصف المادى | |
| التعداد | 12 مج ؛ |
| أبعاد الوعاء | 24 سم |
| 500 ## - تبصرة عامة | |
| تبصرة عامة | 12 مجلد |
| 650 07 - المدخل الاضافى بالموضوع-مصطلح موضوعى | |
| مصطلح موضوعي | معاجم |
| مصدر الرأس أو المصطلح | qrmak |
| التقسيم الفرعي العام | اللغة العربية |
| 650 07 - المدخل الاضافى بالموضوع-مصطلح موضوعى | |
| مصطلح موضوعي | مقاييس اللغة |
| مصدر الرأس أو المصطلح | qrmak |
| 651 ## - المدخل الاضافى بالموضوع - اسم جغرافى | |
| مصدر الرأس أو المصطلح | qrmak |
| 700 ## - المدخل الاضافى - اسم شخصى | |
| الإسم الشخصى | عبدالسلام محمد هارون |
| الدور | محقق |
| 942 ## - عناصر المدخل الإضافي( كوها) | |
| مصدر التصنيف او مخطط الترفيف | Dewey Decimal Classification |
| Koha [default] item type | كتاب |
| 260 ## - PUBLICATION, DISTRIBUTION, ETC. (IMPRINT) | |
| -- | بيروت : |
| -- | دار الجيل، |
| حالة التراجع | حالة الفقد | حالة تلف | ليس للاعارة | المكان المؤقت | الموقع الحالى | موقع الترفيف | تاريخ الاكتساب | اجمالي اﻻعارات | رقم الطلب | الباركود | تاريخ اخر مشاهدة | تاريخ تفعيل السعر | نوع وعاء كوها |
|---|---|---|---|---|---|---|---|---|---|---|---|---|---|
| مكتبة القاهرة الكبرى | مكتبة القاهرة الكبرى | 08/28/2022 | 413.1/ ف م | 168340 | 08/28/2022 | 08/28/2022 | كتاب | ||||||
| مكتبة القاهرة الكبرى | مكتبة القاهرة الكبرى | 08/28/2022 | 413.1/ ف م | 168341 | 08/28/2022 | 08/28/2022 | كتاب | ||||||
| مكتبة القاهرة الكبرى | مكتبة القاهرة الكبرى | 08/28/2022 | 413.1/ ف م | 168342 | 08/28/2022 | 08/28/2022 | كتاب | ||||||
| مكتبة القاهرة الكبرى | مكتبة القاهرة الكبرى | 08/28/2022 | 413.1/ ف م | 168343 | 08/28/2022 | 08/28/2022 | كتاب | ||||||
| مكتبة القاهرة الكبرى | مكتبة القاهرة الكبرى | 08/28/2022 | 413.1/ ف م | 168344 | 08/28/2022 | 08/28/2022 | كتاب | ||||||
| مكتبة القاهرة الكبرى | مكتبة القاهرة الكبرى | 08/28/2022 | 413.1/ ف م | 168345 | 08/28/2022 | 08/28/2022 | كتاب | ||||||
| مكتبة القاهرة الكبرى | مكتبة القاهرة الكبرى | 08/28/2022 | 413.1/ ف م | 168346 | 08/28/2022 | 08/28/2022 | كتاب | ||||||
| مكتبة القاهرة الكبرى | مكتبة القاهرة الكبرى | 08/28/2022 | 413.1/ ف م | 168347 | 08/28/2022 | 08/28/2022 | كتاب | ||||||
| مكتبة القاهرة الكبرى | مكتبة القاهرة الكبرى | 08/28/2022 | 413.1/ ف م | 168348 | 08/28/2022 | 08/28/2022 | كتاب | ||||||
| مكتبة القاهرة الكبرى | مكتبة القاهرة الكبرى | 08/28/2022 | 413.1/ ف م | 168349 | 08/28/2022 | 08/28/2022 | كتاب | ||||||
| مكتبة القاهرة الكبرى | مكتبة القاهرة الكبرى | 08/28/2022 | 413.1/ ف م | 168350 | 08/28/2022 | 08/28/2022 | كتاب | ||||||
| مكتبة القاهرة الكبرى | مكتبة القاهرة الكبرى | 08/28/2022 | 413.1/ ف م | 168351 | 08/28/2022 | 08/28/2022 | كتاب |

